| 000 | 00593nam a22002177a 4500 | ||
|---|---|---|---|
| 999 |
_c7380 _d7380 |
||
| 003 | OSt | ||
| 005 | 20260213020021.0 | ||
| 008 | 211025b ||||| |||| 00| 0 eng d | ||
| 020 | _a9780323597128 | ||
| 020 | _a0323597122 | ||
| 040 | _cDDC | ||
| 082 | _aQT4 H14g 2021 | ||
| 100 |
_a Hall,John E.; Hall,Michael E.; _915117 |
||
| 245 | _aGuyton and Hall Textbook of Medical Physiology. | ||
| 250 | _a3rd Ed. | ||
| 260 |
_aIndia. _bElsevier. _c2021 |
||
| 300 |
_axxxi,1011p; _bill; _c27cm; |
||
| 504 | _aIncludes; References and Index. | ||
| 650 |
_aPhysiology _95602 |
||
| 942 |
_2z _cO_SHELF _01 |
||